<?xml version="1.0" encoding="UTF-8"?>
<marc:record xmlns:marc="http://www.loc.gov/MARC21/slim">
   <marc:leader>00000nam a2200000 a 4500</marc:leader>
   <marc:datafield ind1="1" ind2=" " tag="100">
      <marc:subfield code="a">Krüger, Hanspeter</marc:subfield>
      <marc:subfield code="4">ctb</marc:subfield>
      <marc:subfield code="e">Mitwirkende/-r</marc:subfield>
   </marc:datafield>
   <marc:datafield ind1=" " ind2=" " tag="653">
      <marc:subfield code="a">Kassette / Sachbücher/Kunst</marc:subfield>
   </marc:datafield>
   <marc:datafield ind1=" " ind2=" " tag="653">
      <marc:subfield code="a">Literatur/Sprache/Allgemeines</marc:subfield>
   </marc:datafield>
   <marc:datafield ind1=" " ind2=" " tag="653">
      <marc:subfield code="a">Nachschlagewerke</marc:subfield>
   </marc:datafield>
   <marc:datafield ind1=" " ind2=" " tag="653">
      <marc:subfield code="a">CD</marc:subfield>
   </marc:datafield>
   <marc:datafield ind1="0" ind2="0" tag="245">
      <marc:subfield code="a">Bastian Sick liest Der Dativ ist dem Genitiv sein Tod</marc:subfield>
   </marc:datafield>
   <marc:datafield ind1=" " ind2="1" tag="264">
      <marc:subfield code="a">Berlin</marc:subfield>
      <marc:subfield code="b">Der Audio-Verl.</marc:subfield>
      <marc:subfield code="c">2013</marc:subfield>
   </marc:datafield>
   <marc:datafield ind1="1" ind2=" " tag="520">
      <marc:subfield code="a">Angaben aus der Verlagsmeldung

Der Dativ ist dem Genitiv sein Tod - Folge 5 / von Bastian Sick

Warum lernt im Ausland keiner Deutsch? Und das, obwohl die halbe Jugend Europas in Deutschland arbeiten will. Vielleicht, weil Deutsch wie eine Zementmischmaschine klingt? Oder wie berstendes Holz? Oder weil nicht mal der gemeine Muttersprachler weiß, wie er mit gefühlten 87 Fällen und 1087 Ausnahmeregelungen umgehen soll? Bastian Sick, der gefragteste Deutschlehrer der Nation, hat wieder zugeschlagen und liefert in Teil 5 der Dativ-Erfolgsreihe viele gute Gründe dafür, Deutsch zu lernen. Denn: Wer Deutsch beherrscht, kann etwas Besonderes! Etwas, das nicht jeder kann. Nicht einmal jeder Deutsche.
</marc:subfield>
   </marc:datafield>
   <marc:datafield ind1=" " ind2=" " tag="020">
      <marc:subfield code="a">9783862312733</marc:subfield>
      <marc:subfield code="9">9783862312733</marc:subfield>
   </marc:datafield>
   <marc:datafield ind1=" " ind2=" " tag="041">
      <marc:subfield code="a">ger</marc:subfield>
   </marc:datafield>
   <marc:datafield ind1=" " ind2=" " tag="300">
      <marc:subfield code="a">2 CDs (ca. 168 Min.)</marc:subfield>
   </marc:datafield>
</marc:record>
